[Event "Czerniak Memorial 15th"]
[Site "Tel Aviv"]
[Date "1999.04.05"]
[Round "6"]
[White "Gershon, Alik"]
[Black "Zifroni, Dov"]
[Result "1-0"]
[WhiteElo "2467"]
[BlackElo "2501"]
[Annotator "Gershon,A"]
[PlyCount "67"]
[EventDate "1999.03.??"]
[EventType "tourn"]
[EventRounds "9"]
[EventCountry "ISR"]
[EventCategory "10"]
[SourceTitle "CBM 071"]
[Source "ChessBase"]
[SourceDate "1999.08.01"]
[SourceVersion "1"]
[SourceVersionDate "1999.08.01"]
[SourceQuality "1"]

1. d4 {Baburin} d5 2. c4 c6 3. Nf3 Nf6 4. Nc3 e6 5. Bg5 Nbd7 6. cxd5 exd5 7. e3
Be7 8. Qc2 O-O 9. Bd3 Re8 10. O-O Nf8 11. Rab1 a5 12. a3 Bd6 (12... Ng6 13. b4
b6 14. bxa5 Rxa5 15. a4 Bd7 16. Rb2 Ne4 17. Bxe7 Rxe7 18. Nxe4 dxe4 19. Bxe4 c5
20. Bxg6 hxg6 21. dxc5 Bxa4 22. Qb1 b5 23. Nd4 Qd5 24. Qe1 Ra8 25. Qb4 $16 {
[%csl Ga4] 1-0 Riazantsev,A-Filippov,N/Moscow 1996/CBM 55 ext (39)}) 13. b4 (
13. Rbe1 Bg4 14. Nd2 Bh5 15. f4 h6 16. Bh4 Bg6 17. f5 Bh7 18. h3 N8d7 19. Nf3
b5 20. e4 b4 21. e5 bxc3 22. exd6 Rxe1 23. Rxe1 cxb2 24. Qxb2 Rb8 25. Qc3 $16 {
[%csl Gc6,Gh7] 1-0 Kramnik,V-Kasparov,G/g/5 Match, Moscow RUS 1998 (51)}) 13...
Ng6 {Baburin: 'I believe that this is Smyslov's idea - Black prepares to
attack the g5-bishop with ...h6. He wants to take on f6 with a queen and for
that he played ...Bd6.'} (13... Bg4 14. Nd2 axb4 15. axb4 Bh5 16. h3 h6 17.
Bxf6 Qxf6 18. Rfe1 g5 19. g3 Bg6 20. b5 h5 21. bxc6 bxc6 22. Rb6 h4 23. g4 Ra3
$13 {1-0 Gauglitz,G-Boensch,U/Dresden 1985/MCL (38)}) 14. Rb3 $5 {A novelty
according to my database. (it's not a move sane person would normally think of.
) There is, however, a very interesting idea behind this weird looking move.
Some 4-5 moves from now this rook will be probably white's strongest piece,on
both, offense and defense. However it connot be recommended as black has a
forced equality now.} (14. Bf5 axb4 15. axb4 h6 16. Bxf6 Qxf6 17. Bxc8 Raxc8
18. b5 Nh4 19. Qe2 Re6 20. bxc6 bxc6 21. Rfc1 Rce8 22. Nxh4 Qxh4 23. g3 Qh3 24.
Qf1 Qg4 25. Ne2 Bc7 26. Rb2 Rf6 27. Qg2 {1/2-1/2 Spassov,L-Kharitonov,A/Lodz
1980/MCD (27)}) (14. b5 h6 (14... Bxa3 {Baburin} 15. bxc6 bxc6 16. Qa4) 15.
Bxf6 Qxf6 16. bxc6 bxc6 17. Na4 {should have been taken into consideration.})
14... axb4 15. axb4 h6 16. Bxf6 Qxf6 17. e4 {The third rank is openning up.}
Nf4 $2 (17... dxe4 $142 {This move would've challenged white's whole plan.} 18.
Nxe4 Qd8 19. Nxd6 Qxd6 20. Bxg6 Qxg6 21. Qxg6 fxg6 22. Ne5 Be6 $11) 18. e5 Qe6
19. Ne1 (19. exd6 $4 Qg4 20. g3 (20. Ne1 Rxe1 21. Rxe1 Qxg2#) 20... Qxf3 21.
gxf4 Bh3 $19) 19... Bc7 $6 (19... Bf8 {[%csl Gb4]}) (19... Ra1 $5 20. Ne2 Qg4
21. Nxf4 Qxf4 22. Qb2 (22. g3 Qc1 23. b5 Bh3 24. Qxc1 Rxc1 25. Ng2 Rxf1+ 26.
Kxf1 Bf8 27. bxc6 bxc6 $15) 22... Qc1 23. Bb1 Qxb2 24. Rxb2 Bc7 25. Nd3 Bf5 26.
Nc5 Rxb1 27. Rfxb1 Bxb1 28. Rxb1 Bb6 29. Ra1 $14 {[%cal Gg1f1,Gf1e2,Ge2d3,
Gb4b5]}) 20. Ne2 {Now we can see how useful the rook on b3 is! After the third
rank has been cleared of pieces is can be easily transferred to the K side,
plus it prevents black rook from getting to a3 where it would've created many
tactical threats.} Nxd3 $2 (20... Nxe2+ $142 21. Bxe2 Bb6 (21... f6 22. f4 Bb6
23. Nf3 $16 {[%csl Gf5,Gf7,Gg6,Gh7]}) 22. Nf3 $16 {[%cal Gb4b5]} (22. Qb2 f6
23. Bh5 Re7 24. Re3 (24. f4 $2 fxe5 25. fxe5 Qxe5) 24... Qf5 $13)) (20... Qg4
$5 {Baburin}) 21. Nxd3 Bb6 $2 {After this black's position is probably lost.
'?!' Baburin.} 22. b5 Bd8 (22... cxb5 23. Ndf4 (23. Rxb5 $2 Bd7 24. Ndf4 Bxb5
25. Nxe6 Rxe6 $13) 23... Qd7 (23... Qf5 24. Qxf5 Bxf5 25. Rxb5 Bd8 26. Rxb7 $18
) 24. Qb2 $1 $16 {[%csl Gb5,Gb7,Gd5,Gg7][%cal Gb3b5,Gb3g3]}) 23. Nc5 Qe7 (23...
Qg4 24. Rg3 Qf5 25. Qxf5 Bxf5 26. Nxb7 $18) 24. b6 $2 {I liked the way this
position looks after this move, but b6 was a waste of an important tempo, and
fixed my own rook to its defense.} (24. f4 $142 $40 {[%cal Gf4f6,Gb3g3,Ge2f4,
Gf4h5] and it's just a matter of time before black position collapses.}) 24...
Qh4 $1 25. f4 Be7 26. Rg3 (26. f5 Bxc5 27. Qxc5 Bxf5 28. Rxf5 Qe1+ 29. Rf1 Qxe2
$17) 26... Ra5 $1 {Black is defending very resourcefully, preparing to give
the useless rook for the knight that is paralizing all of black's pieces.} (
26... Bxc5 27. dxc5 Qe7 28. Qc3 Ra2 29. Nd4 $16) 27. Nb3 (27. f5 Bxc5 28. dxc5
Qc4 $17) 27... Rb5 28. f5 Bg5 (28... Qe4 29. Qd2 $5 Bg5 30. Rxg5 Rxb3 (30...
hxg5 31. Nc3 Qg4 32. Nxb5 cxb5 33. Nc5 $18) 31. Rg3 $16) 29. Nc5 (29. Nd2 Rxb6
30. Nf3 Be3+ 31. Kh1 Qe4) 29... Rxc5 $1 {This complicates the position esp.
given that white had only 10 min left on the clock.} (29... Rxb6 $2 30. Qd3 Rb5
31. Qf3 Rxc5 32. dxc5 Rxe5 33. Rg4 Qh5 34. Ng3 $18) 30. Qxc5 (30. dxc5 Rxe5 $44
) 30... Qe4 31. Rxg5 $1 {Although it took his last minutes, white found the
only continuation which doesn't let the advantage go.} (31. Nc3 Be3+ 32. Kh1
Qxd4 33. Qd6 Qxe5 $17 (33... Qxc3 $6 34. e6 $40)) (31. h4 Bxh4 32. Nc3 Qc2 33.
Rgf3 Bg5 $13) 31... hxg5 $6 (31... Qe3+ 32. Rf2 Qxg5 33. Qc1 $1 {Without the
queens black is lost of course.} Qg4 (33... Qxc1+ 34. Nxc1 c5 35. dxc5 Rxe5 36.
Nb3 $16 Bxf5 $140 37. Rxf5 Rxf5 38. c6 Rf6 39. Nd4 $1 $18) 34. f6 g5 (34...
gxf6 35. Rf3 Kh7 36. Rxf6 $18) 35. Qe3 $16) 32. Ng3 Qe3+ 33. Rf2 Rxe5 $4 {
An unexplainable blunder while black had 40 min left against white's 3.
although the position is indeed difficult it wouldn't be easy to find the
right way with the shortage of time.} (33... Bd7 34. f6 g6 35. Nf1 Qe4 36. Qc1
$16) 34. Nf1 {Nevertheless, Dovi overcame this miss in the best way possible,
easily winnig his last two games and taking the event by a full point.} 1-0

[Event "San Martin"]
[Site "San Martin"]
[Date "1995.??.??"]
[Round "1"]
[White "Quinteros, Miguel Angel"]
[Black "Soppe, Guillermo"]
[Result "1-0"]
[WhiteElo "2505"]
[BlackElo "2445"]
[Annotator "Giese"]
[PlyCount "81"]
[EventDate "1995.03.??"]
[EventType "tourn"]
[EventRounds "13"]
[EventCountry "ARG"]
[EventCategory "10"]
[SourceTitle "CBM 048"]
[Source "ChessBase"]
[SourceDate "1995.10.01"]
[SourceVersion "1"]
[SourceVersionDate "1995.10.01"]
[SourceQuality "1"]

1. d4 d5 2. c4 c6 3. Nf3 Nf6 4. Nc3 e6 5. Bg5 Nbd7 6. cxd5 exd5 7. e3 Be7 8.
Qc2 O-O 9. Bd3 Re8 10. O-O g6 11. Rab1 Nh5 12. Bxe7 Qxe7 13. b4 a6 14. Na4 Ng7
15. Nc5 Nb6 16. a4 Bf5 17. Nd2 Bxd3 18. Qxd3 Nf5 19. Rfe1 Nd6 20. f3 Nbc4 21.
a5 Nxd2 22. Qxd2 Rad8 23. e4 dxe4 24. fxe4 Nb5 25. d5 Rd6 26. Rbd1 Qc7 27. Qf2
Red8 28. Rd3 Re8 29. Rf3 Re7 30. h4 cxd5 31. e5 Rd8 32. e6 f5 33. h5 Nd6 34.
hxg6 hxg6 35. Qg3 Rg7 36. e7 Re8 37. Re6 Nb5 38. Qh4 Rexe7 $16 39. Rh3 $1 {
[%cal Gh4h8]} Nd6 $2 (39... Rxe6 40. Nxe6 Qc1+ 41. Kh2 Rd7 42. Qf6 $18) (39...
Kf7 40. Rf6+ $18) (39... Nd4 40. Qxd4 $18) (39... Qxc5+ $5 40. bxc5 Rxe6 41.
Qd8+ Kf7 42. Qxd5 $16) (39... g5 40. Qh8+ Kf7 41. Rh7 Rxh7 42. Rf6#) 40. Rxg6
$1 {[%csl Rg7]} Re1+ (40... Ne8 41. Ne6 Rxg6 42. Nxc7 Rxc7 43. Qd8 Re6 44. Qxd5
Rce7 (44... Ng7 45. Re3 Rce7 46. Rxe6 $18) 45. Qxf5 {+/-/+-}) (40... Rxg6 41.
Qh8+ Kf7 42. Rh7+ Rg7 43. Qxg7+ $18) 41. Kf2 $18 (41. Kf2 Ne8 42. Rxg7+ Qxg7
43. Kxe1 $18) 1-0

[Event "Valle d'Aosta op 11th"]
[Site "Saint Vincent"]
[Date "2003.02.13"]
[Round "6"]
[White "Golod, Vitali"]
[Black "Vezzosi, Paolo"]
[Result "1-0"]
[WhiteElo "2532"]
[BlackElo "2379"]
[Annotator "Golod,V"]
[PlyCount "81"]
[EventDate "2003.02.08"]
[EventType "swiss"]
[EventRounds "9"]
[EventCountry "ITA"]
[SourceTitle "CBM 094"]
[Source "ChessBase"]
[SourceDate "2003.05.26"]
[SourceVersion "1"]
[SourceVersionDate "2003.05.26"]
[SourceQuality "1"]

1. d4 Nf6 2. c4 e6 3. Nc3 d5 4. cxd5 exd5 5. Bg5 c6 6. e3 Be7 7. Bd3 Nbd7 8.
Qc2 O-O 9. Nf3 Re8 10. O-O Nf8 11. Rae1 (11. h3) 11... Nh5 (11... Ne4) (11...
Be6) (11... Ng6 12. Ne5) (11... g6) 12. Bxe7 Rxe7 (12... Qxe7 13. e4) 13. Ne5 (
13. b4) 13... g6 14. b4 (14. f4 Ng7 15. Kh1 (15. Qf2 f6 16. Nf3 Bf5 (16... Bg4)
17. Bxf5 (17. e4) 17... Nxf5 18. g4 (18. e4) 18... Nd6) 15... f6 16. Nf3 Bf5 (
16... Bg4) 17. e4 dxe4 18. Nxe4) 14... a6 (14... Qd6 15. Qb3 Be6 16. Na4 Rae8
17. b5 f6 18. Nf3 Bg4 19. Be2 Nf4 20. Bd1) 15. Na4 (15. Kh1) (15. Rb1) 15...
Ng7 16. Nc5 Bf5 17. a4 f6 18. Nf3 (18. e4 dxe4 (18... fxe5 19. exf5 Nxf5 (19...
e4 20. f6 exd3 21. fxe7) 20. dxe5) 19. Bc4+ Nge6 (19... Be6) 20. g4 fxe5 21.
gxf5 gxf5 22. dxe5 Kh8) (18. Bxf5 Nxf5 19. Ned3 Nd6) 18... a5 (18... Bxd3 19.
Qxd3 Nfe6) 19. bxa5 Rxa5 (19... Bxd3 20. Qxd3 Rxa5 21. Ra1) 20. e4 dxe4 (20...
Bg4 21. Nd2) 21. Bxe4 b6 (21... Bxe4 22. Rxe4 Rxe4 23. Nxb7 Qd5 24. Nxa5) 22.
Bxf5 (22. Qc4+ Kh8 (22... Rf7 23. Nb7 Be6 24. Nxd8 Bxc4 25. Nxf7 Kxf7 26. Bxc6)
23. Bxf5 bxc5 24. Rxe7 Qxe7 25. Re1 Qd6) 22... bxc5 23. Rxe7 (23. Bd3 Rea7)
23... Qxe7 24. Bd3 Nge6 25. Bc4 Kg7 26. d5 (26. Re1 Qd6 (26... Qd7) 27. Qc3 Ra7
(27... Rxa4 28. Bxe6 Nxe6 29. Qb3 Rb4 30. Qxe6 Qxe6 31. Rxe6 Kf7 32. Re1 cxd4))
26... cxd5 27. Bxd5 Qd7 (27... Nd4 28. Nxd4 cxd4 29. Bb3 Qc5 30. Qe2) 28. Bb3
Ra6 29. Qc4 Qb7 (29... Rb6) 30. Re1 Rb6 31. Re3 Rb4 32. Qc3 Re4 (32... Nd4 33.
Qxc5 Nf5 (33... Nxf3+ 34. gxf3) 34. Re8 Ne6 35. Rxe6 Rxb3 36. Re1) 33. a5 Rxe3
(33... Nd4 34. a6 (34. Rxe4 Qxe4) 34... Rxe3 35. Qxe3 (35. axb7 Rxc3 36. Bd1
Rc1) 35... Nxf3+ (35... Qxb3 36. Qxb3 Nxb3 37. a7) (35... Qxa6 36. Qe7+ Kh6 37.
Qxf8+ Kh5 38. Qxc5+) 36. gxf3 Qc7 (36... Qxa6 37. Qe7+) 37. Qe4) 34. fxe3 Qa7
35. Bc4 (35. Qd3 Qxa5 36. Bxe6 Qa1+ 37. Kf2 Qb2+ 38. Kg3 Qb8+ 39. Kh3 Nxe6 40.
Qd7+) 35... Nc7 36. Qd2 Na6 37. Qd6 Nb4 38. a6 g5 (38... Nc2 39. Qd5 (39. Kf2
Na3) 39... Kh6 40. Qg8 Nd7 (40... Qe7 41. a7 Qxe3+ 42. Kh1 Qe8 43. Bd5) 41. Bb5
) 39. h4 g4 (39... h6 40. h5) (39... Qd7 40. Qxc5) 40. Ng5 h6 (40... fxg5 41.
Qe5+ Kg6 42. Qxg5#) 41. Ne4 (41. Ne4 Nh7 42. Qd8 h5 (42... Kg6 43. Qe8+ Kf5 (
43... Kg7 44. Qg8#) 44. Ng3#) 43. Qg8+ Kh6 44. Nd6) 1-0

[Event "EU-ch 2nd"]
[Site "Ohrid"]
[Date "2001.06.05"]
[Round "5"]
[White "Golod, Vitali"]
[Black "Likavsky, Tomas"]
[Result "1-0"]
[WhiteElo "2593"]
[BlackElo "2425"]
[Annotator "Golod,V"]
[PlyCount "67"]
[EventDate "2001.06.01"]
[EventType "swiss"]
[EventRounds "13"]
[EventCountry "YUG"]
[SourceTitle "CBM 084"]
[Source "ChessBase"]
[SourceDate "2001.09.13"]
[SourceVersion "1"]
[SourceVersionDate "2001.09.13"]
[SourceQuality "1"]

1. d4 d5 {Already with first move,my contender has surprised me,because I
prepared only to Kingsindian defence.} 2. c4 e6 3. Nc3 Nf6 4. Nf3 Nbd7 5. cxd5
exd5 6. Bg5 Be7 7. e3 O-O 8. Qc2 Re8 9. Bd3 Nf8 10. h3 c6 11. O-O Ne4 $5 (11...
Ng6 $5 {See comments to game: Golod,V-Jonkman,H/Tel-Aviv,2001/CBM83(0-1)(40)})
({Rather frequently met in this position:} 11... Nh5 $5) 12. Bf4 Ng5 {From my
point of view,this move a little better,than:} (12... f5 13. Ne5 $14) ({or} 
12... Nxc3 {See comments to Volzhin,A-Panikarovsky,A/Moscow,1999/CBM 70 (1-0)
(Baburin,A)(62)}) 13. Bxg5 $5 ({Is a possible continuation of the play:} 13.
Nxg5 $5 Bxg5 $140 14. Bh2 $1 Be7 15. Kh1 Bd6 16. Bg1 $1 {[%csl Yg1]} Qh4 17. f4
Nd7 18. Rf3 Nf8 19. f5 $14 {Sakaev,K-Mirzoev,A/Linares,2001(1-0)(44)}) 13...
Bxg5 14. b4 $5 {[%cal Gb4b5] Differently black will return the bishop on /
^a3-f8.} Qf6 {[%csl Rf3][%cal Gc8h3]} 15. e4 $5 $146 {[%mdl 8]} ({Was checked
in the previous games:} 15. Ne5 $5 Qd6 16. b5 $5 (16. Rab1 $143 Bd8 (16... Bf6
$142 $13) 17. Rfc1 Bc7 $140 $4 18. Nb5 cxb5 19. Qxc7 $18 {Olcayoz,A-Abdulla,A/
Yerevan,1996(1-0)(37)}) 16... c5 17. Nf3 Be7 (17... Bh6 $5) 18. e4 cxd4 19.
Nxd5 Be6 20. Nxd4 Bxd5 21. Nf5 Qd8 22. exd5 Qxd5 23. Be4 $36 {Barsov,A-Mirzoev,
A/Cairo,2001(1/2-1/2)(58)}) 15... Bxh3 $1 {[%mdl 64] Essentially correct
reaction to my previous move!} (15... Ng6 $2 16. exd5 {[%csl Rg5][%cal Gc3e4]})
(15... Ne6 $6 16. exd5 Nxd4 17. Nxd4 Qxd4 18. Bxh7+ Kh8 19. dxc6 bxc6 20. Be4
$14) 16. e5 {Differently,I receive the worse position:} (16. Nxg5 $2 Bxg2 $1
17. Kxg2 Qxg5+ $40 {-/+}) (16. exd5 $6 cxd5 17. Nxd5 Qd8 $1 $15) 16... Qh6 $1 (
{Pretty dubiously:} 16... Qf4 {in view of:} 17. Ne2 Qg4 18. Ng3 (18. Ne1 $13 {
[%csl Rh3]}) 18... Bxg2 19. Kxg2 Ne6 20. Bxh7+ Kf8 21. Nxg5 Nf4+ 22. Kg1 Qxg5
$14) 17. gxh3 ({Rather riskyly:} 17. Nxg5 {because of:} Qxg5 18. f4 Qh4 {
[%csl Rd3]} 19. Qf2 (19. gxh3 $2 Qg3+ {[%csl Rd3]} 20. Kh1 Qxh3+ 21. Kg1 Qg3+
22. Kh1 Re6 23. Rf2 Rh6+ 24. Rh2 Rxh2+ 25. Qxh2 Qxd3 $19) 19... Qxf2+ 20. Rxf2
Bg4 21. f5 $44) 17... Qxh3 18. Nxg5 Qg4+ 19. Kh2 Qxg5 $1 {I absolutely have
overlooked, that queen of black can immediately take my knight.} (19... Qf4+ $2
20. Kh3 Qxg5 21. f4 $16) 20. Ne2 $6 {I very much wanted to win this game,
because of an awful tournament situation.} (20. Rfd1 $2 Re6 21. Bf5 Rh6+ 22.
Bh3 Ne6 {[%csl Rh3][%cal Ge6f4]} 23. Ne2 Qh4 {[%csl Rf2,Rh3][%cal Ge6g5]} 24.
Qf5 Rh5 $19) ({Leads to equality:} 20. f4 $5 Qh4+ 21. Kg2 Qg4+ 22. Kh2 Qh4+ {
and so on.} (22... Re6 $2 23. Qg2 $16)) 20... Re6 $5 ({Also it deserves
attention:} 20... Qh4+ 21. Kg2 Qg4+ 22. Kh2 (22. Ng3 $5 Qxd4 23. f4 Qxb4 24.
Nf5 $13) 22... Qh4+ (22... Re6 $6 23. Qd2 $1 {[%csl Yd2]} g5 (23... Rh6+ $140
$2 24. Qxh6 gxh6 25. Rg1 $18 {[%csl Rg4,Rg8]}) 24. Ng3 $14) 23. Kg2 Qg4+ $11)
21. Ng3 $8 (21. Bf5 $2 Rh6+ 22. Bh3 Qg4 {[%csl Re2,Rh3]} 23. Qd3 (23. Ng1 Qxd4
$17) 23... Rxh3+ 24. Qxh3 Qxe2 $17) 21... Qh4+ 22. Kg2 Qxd4 23. f4 g6 $6 {
[%csl Yg6][%cal Yg6f5] The rather strange decision.It was necessary:} (23...
Qxb4 24. Rab1 Qe7 25. Nf5 Qc7 {and to receive,already,four pawns for a figure.}
) 24. Rab1 $11 Rae8 25. Rf3 $5 {[%csl Rd4,Yf3][%cal Gc2f2]} R6e7 (25... f6 $6
26. f5 $1 gxf5 $5 (26... Rxe5 27. fxg6 hxg6 28. Bxg6 $36) 27. Nxf5 Qxe5 28.
Nh6+ $1 $36) 26. Qf2 {After,exchange of the queens,black can not use an open
position of my king!} Ne6 ({Can be recommended:} 26... Qb6 $11) 27. Qxd4 Nxd4
28. Rf2 b6 $6 {[%csl Rc6] The not compelled easing pawn "c6".} (28... f6 $142)
29. Rc1 $14 Rc7 (29... f6 $143 30. exf6 Rf7 31. Rd1 $5 {[%csl Gd1,Rd4][%cal
Gd3g6]} c5 32. Ne2 {+/=/+/-}) 30. Ne2 Nxe2 (30... Ne6 $5) 31. Rxe2 Kf8 $2 {
My contender has not sustained a voltage.} ({It was necessary:} 31... c5 32.
Bb5 Rd8 33. Rd2 {+/=/+/-}) 32. Rec2 Re6 $2 {Decisive mistake.} (32... f6 $5 33.
exf6 Re6 34. Bb5 Rxf6 35. Rxc6 Rcxc6 36. Bxc6 Rxf4 37. Bxd5 $5 Rxb4 38. Rc7 $16
{[%csl Ra7,Rh7]}) 33. Bb5 $18 {[%csl Rc6]} a6 34. Bxc6 1-0

[Event "ISR-ch op"]
[Site "Tel Aviv"]
[Date "2001.04.17"]
[Round "9"]
[White "Golod, Vitali"]
[Black "Jonkman, Harmen"]
[Result "0-1"]
[WhiteElo "2593"]
[BlackElo "2410"]
[Annotator "Golod,V"]
[PlyCount "80"]
[EventDate "2001.04.09"]
[EventType "swiss"]
[EventRounds "9"]
[EventCountry "ISR"]
[SourceTitle "CBM 083"]
[Source "ChessBase"]
[SourceDate "2001.07.05"]
[SourceVersion "1"]
[SourceVersionDate "2001.07.05"]
[SourceQuality "1"]

{[%mdl 2]} 1. c4 {I did not want to give to my contender to play with me third
time in succession accepted queen gambit.} e6 2. d4 d5 3. Nc3 Nf6 ({During
preparation for a game I also have given a lot of attention:} 3... dxc4) 4.
cxd5 exd5 5. Bg5 Be7 6. e3 Nbd7 7. Bd3 O-O 8. Qc2 Re8 9. Nf3 Nf8 10. h3 ({
Also tried to manage without:} 10. O-O {and so on.}) 10... c6 11. O-O Ng6 ({
Rather frequently met in this position:} 11... Nh5 $5) 12. Ne5 $5 {[%cal Gf2f4]
} ({Another line is:} 12. Bxf6 $5) 12... Nd7 {Probably,is the most logical
move.} 13. Bxe7 Qxe7 14. f4 Ngf8 (14... Ndxe5 {and also:14...Nge5 i 14...Ndf8
you can find in comments to game:Kishnev,S-Hoefker,M/Recklinghausen,1997/CBM
60ext (1-0)(Tsesarsky,I)(22)}) ({Also was checked in the previous game:} 14...
Ngxe5) ({and} 14... Ndf8) 15. Rae1 $14 Nb6 (15... f6 $143 16. Nf3 Nb6 {and now
I have additional opportunities in comparison with a game.}) 16. f5 {[%cal
Gf5f6]} f6 17. Nf3 Bd7 $5 $146 (17... Qc7 $143 18. Qf2 Bd7 19. g4 Rad8 20. g5
$40 {Maurischat,P-Wartlick,K/Willsbach,1997(1-0) (28)}) 18. Qb3 $5 {[%cal
Ge3e4]} ({At first I was going to play:} 18. g4 {and gradually to begin attack
on the black king.}) 18... Qf7 {It's best move.It is necessary to exchange the
queens.} ({Dubiously:} 18... Kh8 {because of:} 19. e4 {[%cal Ge4e5]} dxe4 20.
Nxe4 Nd5 (20... Bxf5 $4 21. Nc5 (21. Ng3 $2 Be6 $17) 21... Be6 $8 22. Nxe6 Nxe6
23. Bf5 Nxd4 $8 24. Nxd4 Qxe1 25. Rxe1 Rxe1+ 26. Kh2 $16) 21. Nc5 $36 {[%csl
Rb7]}) 19. e4 dxe4 20. Qxf7+ Kxf7 21. Nxe4 {[%csl Rf7][%cal Ge4d6]} Kg8 22. Nd6
{It is important to grasp <->e. Why I have spent a heap of time for this
obvious move?} (22. Nc5 $143 Nd5 $11 {[%csl Rb2,Rf5]}) 22... Rxe1 23. Rxe1 Nd5
24. Nxb7 $2 {[%mdl 16384] From this time I began to worsen the my position.} ({
It deserves attention:} 24. Bc4 b6 $140 25. Re7 {with obvious advantage of
white.}) 24... Rb8 25. Nc5 (25. Ba6 $142 Bxf5 (25... Bc8 $6 26. Re8 Bxb7 27.
Rxb8 Bxa6 28. Ra8 {[%csl Ra7]} Bd3 29. Rxa7 Bxf5 30. a4 $14) 26. b3 {+/=/=})
25... Rxb2 {Now black rook is on an excellent place!} 26. a4 Kf7 27. g4 $6 {
[%mdl 16384] The not compelled easing at pawns of the king side.} (27. Rb1 $142
Rxb1+ 28. Bxb1 $11) 27... g6 $1 {From this time and up to the end of a game
Jonkman plays very strongly.} 28. fxg6+ hxg6 29. Rb1 (29. Bc4 $5 Be6 $15) 29...
Rxb1+ 30. Bxb1 g5 $1 $15 {[%csl Rg4,Rh3]} 31. Kh2 $6 $138 (31. Kf2 $142 {
and,after:} Nf4 {I have a protection:} 32. Kg3 {[%csl Yg3,Rh3][%cal Yg3h3]})
31... Nc3 32. Bd3 (32. Bc2 $142 {[%csl Ra4,Yc2][%cal Yc2a4]}) 32... Be6 $1 {
Black enter in fight all figures,and it becomes very heavy to me to protect of
all weakness.} 33. Kg3 $6 (33. Nd2 $5 Bd5 $140 34. Nc4 Ke7 $15 {[%cal Gf8e6]})
33... Bd5 34. a5 ({Also I have a bad position,after:} 34. Kf2 Ne6 {[%csl Ra4,
Rd4]} 35. Nxe6 Kxe6 36. Bc2 Bxf3 37. Kxf3 Kd5 38. Ke3 Kc4 $17 {[%csl Ra4][%cal
Gc4b4]}) 34... Ne6 35. Nxe6 Kxe6 {Here already I didn't have minute on my
hours and I admit a decisive mistake.} 36. Kf2 $4 (36. Ne1 $142 Ne4+ 37. Kf3 (
37. Kh2 $5 Kd6 {[%csl Ra5][%cal Gc6c5]}) 37... Nc5+ 38. Ke3 Nxd3 39. Nxd3 Bg2
$17) 36... Bxf3 37. Kxf3 Kd5 38. Ke3 Nd1+ 39. Kd2 Kxd4 $19 {[%csl Rd3]} 40. Bf1
Ne3 {[%csl Ra5,Rf1][%cal Ge3f1,Ge3c4] In a result I have 5.5/9(without a prize)
.Opposite,Harmen Jonkman has executed norma GM.} 0-1